[Event "XIII Festival A"]
[Site "Porto San Giorgio ITA"]
[Date "2001.08.22"]
[Round "2"]
[White "Popchev, Milko"]
[Black "Della Pietra, Andrea"]
[Result "1-0"]
[WhiteElo "2447"]
[BlackElo "2186"]
[PlyCount "71"]
[EventDate "2001.08.21"]

1.g3 Nf6 2.Bg2 g6 3.e4 d6 4.d4 Bg7 5.Nc3 O-O 6.Nge2 e5 7.O-O Nc6 8.dxe5 
Nxe5 9.h3 Bd7 10.a4 a5 11.Nd4 Nc6 12.Ndb5 h6 13.Be3 Nb4 14.Qd2 Kh7 15.Kh2 
Bc6 16.Bd4 Re8 17.Rfe1 Re7 18.Re2 Qh8 19.Rae1 Rae8 20.f4 Nh5 21.Bf2 Bf6 
22.Bf3 Ng7 23.Nd4 Bd7 24.Ncb5 Bc8 25.Nc3 g5 26.Nd5 Nxd5 27.exd5 Rxe2 28.
Rxe2 Rxe2 29.Qd3+ Kg8 30.Qxe2 Nf5 31.Nb5 gxf4 32.gxf4 Bd8 33.Be1 Qf6 34.
Qe8+ Kh7 35.Bc3 Nd4 36.Be4+ 1-0

[Event "XIII Festival A"]
[Site "Porto San Giorgio ITA"]
[Date "2001.08.22"]
[Round "2"]
[White "Razuvaev, Yuri S."]
[Black "Faraoni, Enrico"]
[Result "1-0"]
[WhiteElo "2549"]
[BlackElo "2173"]
[PlyCount "61"]
[EventDate "2001.08.21"]

1.d4 g6 2.Nf3 Bg7 3.g3 Nf6 4.Bg2 O-O 5.O-O d6 6.c4 Nbd7 7.Nc3 e5 8.e4 exd4
9.Nxd4 Re8 10.h3 a6 11.a4 Nc5 12.Re1 Nfd7 13.Be3 Ne5 14.b3 Ncd3 15.Rf1 c5 
16.Nde2 Nb4 17.Kh2 Nec6 18.Qd2 Nd4 19.Rab1 Nbc6 20.Nd5 Nxe2 21.Qxe2 f5 22.
Qd2 Be6 23.Bg5 Qb8 24.Nf6+ Bxf6 25.Bxf6 fxe4 26.Rbe1 Ne5 27.Rxe4 Ra7 28.f4
Nf7 29.Rfe1 Bd7 30.Rxe8+ Bxe8 31.Ba1 1-0

[Event "XIII Festival A"]
[Site "Porto San Giorgio ITA"]
[Date "2001.08.22"]
[Round "2"]
[White "Ristic, Nenad"]
[Black "Del Dotto, Riccardo"]
[Result "1-0"]
[WhiteElo "2424"]
[BlackElo "2175"]
[PlyCount "55"]
[EventDate "2001.08.21"]

1.e4 e5 2.Nf3 Nf6 3.Nxe5 d6 4.Nf3 Nxe4 5.Nc3 Nxc3 6.dxc3 Be7 7.Be3 O-O 8.
Qd2 Nc6 9.O-O-O Ne5 10.Kb1 Be6 11.Nd4 Bc4 12.f4 Bxf1 13.fxe5 Bc4 14.Qf2 f6
15.exd6 Bxd6 16.b3 Bf7 17.Nf5 Qe8 18.Rhe1 Qb5 19.c4 Qa6 20.Bd4 Bb4 21.Re3 
Rfe8 22.g4 Rad8 23.Rxe8+ Bxe8 24.Rf1 Bf8 25.g5 Bd7 26.gxf6 Bxf5 27.fxg7 
Bxc2+ 28.Ka1 1-0

[Event "XIII Festival A"]
[Site "Porto San Giorgio ITA"]
[Date "2001.08.22"]
[Round "2"]
[White "Scharrer, Patrick"]
[Black "Mrdja, Milan"]
[Result "0-1"]
[WhiteElo "2054"]
[BlackElo "2399"]
[PlyCount "60"]
[EventDate "2001.08.21"]

1.e4 Nf6 2.e5 Nd5 3.d4 d6 4.Nf3 Bg4 5.Be2 c6 6.exd6 exd6 7.c4 Nc7 8.O-O 
Be7 9.Nc3 O-O 10.Be3 d5 11.c5 Nd7 12.Nd2 Bxe2 13.Qxe2 Ne6 14.b4 Bf6 15.Qd3
b6 16.Nb3 a5 17.a3 a4 18.Nd2 bxc5 19.bxc5 Ndxc5 20.dxc5 d4 21.Nde4 dxc3 
22.Nxf6+ Qxf6 23.Rfc1 Rfd8 24.Qc4 Nd4 25.Bxd4 Rxd4 26.Qe2 Rd2 27.Qe3 Rad8 
28.Re1 g6 29.Rac1 R8d3 30.Qe8+ Kg7 0-1

[Event "XIII Festival A"]
[Site "Porto San Giorgio ITA"]
[Date "2001.08.22"]
[Round "2"]
[White "Schweiger, Georg"]
[Black "Laketic, Gojko"]
[Result "0-1"]
[WhiteElo "2179"]
[BlackElo "2444"]
[PlyCount "82"]
[EventDate "2001.08.21"]

1.e4 c6 2.Nc3 d5 3.Nf3 Bg4 4.h3 Bxf3 5.Qxf3 e6 6.Be2 Nf6 7.O-O dxe4 8.Nxe4
Nxe4 9.Qxe4 Nd7 10.d4 Nf6 11.Qd3 Be7 12.c4 O-O 13.Be3 Qa5 14.a3 Rfd8 15.b4
Qc7 16.Rfd1 Rd7 17.Qc2 Rad8 18.Bf3 Bd6 19.Rac1 Bh2+ 20.Kh1 Bf4 21.Qc3 h6 
22.g3 Bxe3 23.Qxe3 Qb6 24.c5 Qc7 25.Kg2 Nd5 26.Qe4 a5 27.Qe1 axb4 28.axb4 
Ne7 29.Qe4 Nf5 30.Rc4 Rd5 31.Qg4 R5d7 32.Qe4 Ra8 33.Qb1 Qd8 34.d5 cxd5 35.
Rc2 Qg5 36.Bg4 Ne7 37.b5 Rc7 38.Be2 e5 39.Qb4 Qf5 40.Bd3 e4 41.Bf1 Qf3+ 
0-1

[Event "XIII Festival A"]
[Site "Porto San Giorgio ITA"]
[Date "2001.08.22"]
[Round "2"]
[White "Sibilio, Mario"]
[Black "Avenali, Giuseppe"]
[Result "1-0"]
[WhiteElo "2370"]
[BlackElo "1855"]
[PlyCount "125"]
[EventDate "2001.08.21"]

1.d4 Nf6 2.c4 g6 3.Nf3 Bg7 4.g3 d6 5.Bg2 c6 6.O-O O-O 7.Nc3 Nbd7 8.h3 e5 
9.d5 c5 10.Be3 h6 11.Qc1 Kh7 12.g4 Ng8 13.g5 f6 14.Ne4 Qe7 15.gxf6 Ndxf6 
16.Ng3 b5 17.Nd2 Rb8 18.Qc2 Bd7 19.b3 h5 20.Bg5 Bh6 21.Bh4 Qg7 22.cxb5 
Bxb5 23.Nde4 Rb6 24.Ng5+ Bxg5 25.Bxg5 Bd7 26.Rad1 Kh8 27.Qd2 Rb4 28.e4 Nh7
29.f4 Nxg5 30.fxg5 Bb5 31.Rxf8 Qxf8 32.Qe3 Qf4 33.Nf1 Ne7 34.Qxf4 exf4 35.
e5 Nf5 36.exd6 Nxd6 37.Rc1 c4 38.Nd2 c3 39.Rxc3 Rd4 40.Rc2 Kg8 41.Kf2 Kf8 
42.Ke1 Ne8 43.a4 Bd3 44.Rc8 Ke7 45.Ra8 a6 46.Ra7+ Kd8 47.Nc4 Bc2 48.Ne5 
Rd1+ 49.Ke2 Bxb3 50.Ra8+ Ke7 51.Nxg6+ Kd7 52.Ne5+ Ke7 53.Rxa6 Ra1 54.Re6+ 
Kd8 55.Nc6+ Kd7 56.Re7+ Kd6 57.Rxe8 Ra2+ 58.Kf1 Ra1+ 59.Kf2 Ra2+ 60.Re2 
Rxa4 61.g6 Ra8 62.g7 Rg8 63.Ne7 1-0

[Event "XIII Festival A"]
[Site "Porto San Giorgio ITA"]
[Date "2001.08.22"]
[Round "2"]
[White "Suppa, Ercole"]
[Black "Corti, Corrado"]
[Result "0-1"]
[WhiteElo "2126"]
[BlackElo "2034"]
[PlyCount "84"]
[EventDate "2001.08.21"]

1.d4 d5 2.Nf3 Nf6 3.e3 e6 4.Bd3 Be7 5.Nbd2 O-O 6.O-O Nbd7 7.c3 b6 8.e4 
dxe4 9.Nxe4 Bb7 10.Nxf6+ Nxf6 11.Ne5 c5 12.Bg5 h6 13.Bh4 cxd4 14.cxd4 Qd5 
15.Qf3 Qxf3 16.Nxf3 Bxf3 17.gxf3 Nd5 18.Bg3 Rac8 19.Rac1 Bg5 20.Rc4 Rfd8 
21.Ra4 a5 22.h4 Bc1 23.b3 Nb4 24.Bc4 Bb2 25.a3 Nc2 26.Ba6 Ra8 27.Bd3 Nxd4 
28.Be4 Ne2+ 29.Kg2 b5 30.Bxa8 bxa4 31.Be4 axb3 32.Bc7 Rc8 33.Bxa5 Bxa3 34.
Rd1 f5 35.Bb1 Rc1 36.Rxc1 Bxc1 37.Kf1 Nd4 38.Kg2 Kf7 39.h5 b2 40.Bc3 Nb5 
41.Bb4 Bg5 42.Bd3 Be7 0-1

[Event "XIII Festival A"]
[Site "Porto San Giorgio ITA"]
[Date "2001.08.22"]
[Round "2"]
[White "Tencati, Giuseppe"]
[Black "Efimov, Igor"]
[Result "0-1"]
[WhiteElo "2099"]
[BlackElo "2474"]
[PlyCount "66"]
[EventDate "2001.08.21"]

1.d4 Nf6 2.c4 e6 3.Nf3 c5 4.d5 b5 5.Bg5 exd5 6.Bxf6 Qxf6 7.Qxd5 Qxb2 8.
Qe5+ Qxe5 9.Nxe5 g6 10.Na3 Bg7 11.f4 d6 12.Nxb5 dxe5 13.Nc7+ Kd7 14.Nxa8 
Bb7 15.Rd1+ Kc8 16.fxe5 Bxe5 17.e3 Bxa8 18.Kf2 Nd7 19.Be2 Nf6 20.Bf3 Ne4+ 
21.Bxe4 Bxe4 22.h4 Kc7 23.Rhe1 Rb8 24.Re2 Rb4 25.Red2 Rxc4 26.Rd7+ Kc6 27.
R1d2 Ra4 28.Rxf7 c4 29.Re7 c3 30.Rd8 Rxa2+ 31.Kg1 c2 32.Rc8+ Kd6 33.Rec7 
Bg3 0-1

[Event "XIII Festival A"]
[Site "Porto San Giorgio ITA"]
[Date "2001.08.22"]
[Round "2"]
[White "Trent, Lawrence"]
[Black "Bagaturov, Giorgi"]
[Result "1-0"]
[WhiteElo "2249"]
[BlackElo "2489"]
[PlyCount "133"]
[EventDate "2001.08.21"]

1.e4 c5 2.Nf3 d6 3.Bb5+ Nc6 4.O-O Bd7 5.Re1 a6 6.Bf1 Bg4 7.c3 g6 8.d3 Bg7 
9.Nbd2 Nf6 10.h3 Bxf3 11.Nxf3 O-O 12.d4 Nd7 13.Be3 Qc7 14.Qd2 Rfe8 15.Rac1
b5 16.Bh6 Bh8 17.h4 Nf6 18.Bf4 Qb7 19.e5 dxe5 20.dxe5 Rad8 21.Qc2 Nd5 22.
Bg3 e6 23.h5 Nde7 24.hxg6 hxg6 25.Bh2 c4 26.Qe4 Nf5 27.g4 Nfe7 28.Ng5 Bg7 
29.Qf3 Nd5 30.Qh3 Qe7 31.Qh7+ Kf8 32.Qh4 Nb8 33.Nh7+ Kg8 34.g5 Nd7 35.Nf6+
Kf8 36.Qh7 N7xf6 37.exf6 Nxf6 38.gxf6 Qxf6 39.Rcd1 e5 40.Bg3 Qf3 41.Rxd8 
Rxd8 42.Qh4 Rd2 43.Bxe5 f6 44.Bd4 Rxb2 45.Bh3 Re2 46.Bc5+ Kf7 47.Rxe2 Qxe2
48.Qd4 f5 49.Qd5+ Qe6 50.Qxe6+ Kxe6 51.Bb4 Be5 52.Ba5 Kd7 53.Bg2 Bc7 54.
Bxc7 Kxc7 55.Kf1 g5 56.Ke2 Kd6 57.Bb7 a5 58.Bc8 b4 59.cxb4 axb4 60.Bxf5 
Ke5 61.Bg4 Kd4 62.Kd2 Ke5 63.Ke3 Kd5 64.Bd1 Ke5 65.Bc2 Kd5 66.Bg6 Ke5 67.
Bf7 1-0

[Event "XIII Festival A"]
[Site "Porto San Giorgio ITA"]
[Date "2001.08.22"]
[Round "2"]
[White "Zaja, Ivan"]
[Black "Scalcione, Michelangelo"]
[Result "1-0"]
[WhiteElo "2488"]
[BlackElo "2249"]
[PlyCount "139"]
[EventDate "2001.08.21"]

1.d4 Nf6 2.c4 g6 3.Nc3 Bg7 4.e4 O-O 5.Be3 d6 6.f3 Nc6 7.Nge2 e5 8.Qd2 a6 
9.d5 Ne7 10.g4 c6 11.O-O-O cxd5 12.cxd5 b5 13.Kb1 b4 14.Na4 Rb8 15.b3 Bd7 
16.Nb2 a5 17.Nc1 Qc7 18.h4 a4 19.bxa4 Qc3 20.Nb3 Bxg4 21.fxg4 Nxe4 22.Qd3 
Qxd3+ 23.Rxd3 Nc3+ 24.Ka1 Nexd5 25.Ba7 Ra8 26.Rxd5 Rxa7 27.Rxd6 e4 28.Bb5 
Rfa8 29.Bc6 Nxa4 30.Bxa8 Bxb2+ 31.Kb1 Rxa8 32.Nd4 Kf8 33.Nc6 Ba3 34.Rd7 
Nc3+ 35.Kc2 Rc8 36.Na7 Re8 37.Rf1 Re7 38.Rd8+ Kg7 39.Nc8 Rc7 40.Kb3 Ne2 
41.g5 e3 42.Re1 Nc1+ 43.Ka4 e2 44.Nd6 Ra7+ 45.Kb5 f5 46.Kb6 Re7 47.h5 h6 
48.Ne8+ Rxe8 49.gxh6+ Kxh6 50.Rxe8 f4 51.hxg6 f3 52.Re6 Bb2 53.Rh1+ Kg5 
54.Rxc1 Kf5 55.Rxe2 fxe2 56.Re1 Kxg6 57.Rxe2 Ba3 58.Rf2 Kg5 59.Kc6 Kg4 60.
Kd5 Kg3 61.Rf5 Bc1 62.Ke4 Bd2 63.Kd3 Bc1 64.Kc4 Kg4 65.Rb5 Kf4 66.Rxb4 Ke5
67.Rb6 Be3 68.Rc6 Bg1 69.a4 Bf2 70.a5 1-0

[Event "XIII Festival A"]
[Site "Porto San Giorgio ITA"]
[Date "2001.08.23"]
[Round "3"]
[White "Avenali, Giuseppe"]
[Black "Parrella, Alfredo"]
[Result "0-1"]
[WhiteElo "1855"]
[BlackElo "2174"]
[PlyCount "40"]
[EventDate "2001.08.21"]

1.e4 c5 2.Nf3 Nc6 3.d4 cxd4 4.Nxd4 Nf6 5.Nc3 d6 6.Bg5 Bd7 7.Qd2 Nxd4 8.
Qxd4 Qa5 9.Bxf6 gxf6 10.O-O-O Bg7 11.Bc4 O-O 12.Nd5 Rfe8 13.f4 f5 14.e5 
Be6 15.Rd3 dxe5 16.fxe5 Rad8 17.b4 Qa4 18.Nxe7+ Kf8 19.Qc5 Bh6+ 20.Kb2 b6 
0-1

[Event "XIII Festival A"]
[Site "Porto San Giorgio ITA"]
[Date "2001.08.23"]
[Round "3"]
[White "Bagaturov, Giorgi"]
[Black "Lauria, Amilcare"]
[Result "1-0"]
[WhiteElo "2489"]
[BlackElo "2159"]
[PlyCount "57"]
[EventDate "2001.08.21"]

1.d4 g6 2.c4 Bg7 3.Nf3 d6 4.g3 Nf6 5.Bg2 O-O 6.Nc3 c6 7.O-O a5 8.h3 Na6 9.
e4 Rb8 10.Qe2 Nc7 11.e5 Nfe8 12.a4 d5 13.b3 Be6 14.Be3 h6 15.Rac1 Qd7 16.
Kh2 Kh7 17.Rfe1 Na6 18.g4 Nec7 19.Nh4 Nb4 20.f4 f5 21.Bf3 fxg4 22.hxg4 c5 
23.Rcd1 cxd4 24.Rxd4 Nc6 25.Rd3 Nxe5 26.fxe5 Bxe5+ 27.Kg2 Rxf3 28.Nxf3 Bg7
29.Bf4 1-0

[Event "XIII Festival A"]
[Site "Porto San Giorgio ITA"]
[Date "2001.08.23"]
[Round "3"]
[White "Bruno, Fabio"]
[Black "Scharrer, Patrick"]
[Result "1-0"]
[WhiteElo "2260"]
[BlackElo "2054"]
[PlyCount "55"]
[EventDate "2001.08.21"]

1.d4 Nf6 2.Bg5 g6 3.Bxf6 exf6 4.c4 Bg7 5.Nc3 f5 6.g3 O-O 7.Bg2 d6 8.e3 Nd7
9.Nge2 Nf6 10.O-O Re8 11.Qd3 a5 12.Rab1 c6 13.b4 axb4 14.Rxb4 Qe7 15.Rfb1 
Ne4 16.Ra4 Rxa4 17.Nxa4 g5 18.Nb6 g4 19.Nc3 Nxc3 20.Qxc3 Qc7 21.Nxc8 Rxc8 
22.Qb4 c5 23.dxc5 Qxc5 24.Qxb7 Rc7 25.Qa8+ Rc8 26.Rb8 Rxb8 27.Qxb8+ Bf8 
28.Bd5 1-0

[Event "XIII Festival A"]
[Site "Porto San Giorgio ITA"]
[Date "2001.08.23"]
[Round "3"]
[White "Bukal, Vladimir jr"]
[Black "De Poi, Paolo"]
[Result "1-0"]
[WhiteElo "2411"]
[BlackElo "2215"]
[PlyCount "68"]
[EventDate "2001.08.21"]

1.d4 Nf6 2.c4 g6 3.Nc3 Bg7 4.Nf3 O-O 5.g3 d6 6.Bg2 Nbd7 7.O-O e5 8.h3 a6 
9.Rb1 Rb8 10.e4 exd4 11.Nxd4 Re8 12.Re1 Ne5 13.b3 Bd7 14.Bb2 g5 15.Qd2 h6 
16.Rbd1 Qc8 17.Kh2 b5 18.cxb5 axb5 19.f4 gxf4 20.Qxf4 Ng6 21.Qd2 Re5 22.
Nf3 Rh5 23.h4 Bg4 24.Rc1 Qd8 25.Nd1 b4 26.Nd4 Bd7 27.Ne3 Nxh4 28.gxh4 Nxe4
29.Bxe4 Rxh4+ 30.Kg1 Rxe4 31.Nf3 Bxb2 32.Qxb2 Rb5 33.Kf2 h5 34.Nd5 Rf4 1-0

[Event "XIII Festival A"]
[Site "Porto San Giorgio ITA"]
[Date "2001.08.23"]
[Round "3"]
[White "Cerquitella, Luca"]
[Black "Schweiger, Georg"]
[Result "1/2-1/2"]
[WhiteElo "1909"]
[BlackElo "2179"]
[PlyCount "55"]
[EventDate "2001.08.21"]

1.e4 e6 2.d4 d5 3.Nc3 Nf6 4.Bg5 Be7 5.e5 Ne4 6.Bxe7 Qxe7 7.Nxe4 dxe4 8.Qd2
c5 9.O-O-O O-O 10.f3 Nc6 11.Qe3 cxd4 12.Qxe4 Qc5 13.Bd3 g6 14.f4 Bd7 15.
Nf3 Rfd8 16.h4 Nb4 17.Kb1 Bc6 18.Qe2 Bxf3 19.Qxf3 Qd5 20.Qxd5 Nxd5 21.g3 
Ne3 22.Rd2 h5 23.Be4 Rab8 24.Rd3 b5 25.Rh2 b4 26.Rhd2 Nc4 27.Rd1 Ne3 28.
R1d2 1/2-1/2

[Event "XIII Festival A"]
[Site "Porto San Giorgio ITA"]
[Date "2001.08.23"]
[Round "3"]
[White "D'Innocente, Stefano"]
[Black "Aleksic, Nenad"]
[Result "1/2-1/2"]
[WhiteElo "2123"]
[BlackElo "2416"]
[PlyCount "36"]
[EventDate "2001.08.21"]

1.e4 c5 2.Nf3 d6 3.d4 cxd4 4.Nxd4 Nf6 5.Nc3 a6 6.Be3 e6 7.f3 b5 8.g4 Bb7 
9.Qd2 Nfd7 10.O-O-O Nb6 11.g5 N8d7 12.Bd3 Rc8 13.Kb1 Be7 14.h4 Ne5 15.Qf2 
Nbc4 16.Bc1 Qb6 17.Rhf1 b4 18.Nce2 d5 1/2-1/2

[Event "XIII Festival A"]
[Site "Porto San Giorgio ITA"]
[Date "2001.08.23"]
[Round "3"]
[White "Del Dotto, Riccardo"]
[Black "Marinelli, Gian Marco"]
[Result "1-0"]
[WhiteElo "2175"]
[BlackElo "1906"]
[PlyCount "39"]
[EventDate "2001.08.21"]

1.e4 Nf6 2.e5 Nd5 3.g3 d6 4.exd6 Qxd6 5.Bg2 Nc6 6.Nc3 Nxc3 7.bxc3 e5 8.Ne2
Be7 9.d3 O-O 10.O-O Bf6 11.a4 Rd8 12.Ba3 Qe6 13.Re1 Qg4 14.h3 Qh5 15.g4 
Qh4 16.Ng3 g6 17.Re4 Be6 18.g5 Bxg5 19.Rxh4 Bxh4 20.Rb1 1-0

[Event "XIII Festival A"]
[Site "Porto San Giorgio ITA"]
[Date "2001.08.23"]
[Round "3"]
[White "Della Pietra, Andrea"]
[Black "Vianello, Enrico"]
[Result "1-0"]
[WhiteElo "2186"]
[BlackElo "1960"]
[PlyCount "83"]
[EventDate "2001.08.21"]

1.d4 d5 2.c4 c6 3.cxd5 cxd5 4.Nf3 Nc6 5.Nc3 Nf6 6.Bf4 a6 7.e3 Bg4 8.h3 
Bxf3 9.Qxf3 e6 10.Bd3 Qb6 11.Qe2 Be7 12.Rc1 O-O 13.O-O Rfc8 14.g4 Qd8 15.
Kg2 b5 16.g5 Ne8 17.h4 Bd6 18.Bxd6 Nxd6 19.f4 Ne7 20.Qg4 Ndf5 21.Kf3 b4 
22.Na4 Rxc1 23.Rxc1 Rc8 24.Nc5 a5 25.h5 g6 26.Rh1 Kf8 27.hxg6 hxg6 28.Rh8+
Ng8 29.Qh3 Ke7 30.Qh7 Qf8 31.Bxf5 exf5 32.Nd3 Ke6 33.Ne5 Qe8 34.Qg7 Qf8 
35.Rxg8 Qxg7 36.Rxg7 Rc2 37.Rxf7 Rxb2 38.Rf6+ Ke7 39.Nc6+ Ke8 40.Nxa5 Rxa2
41.Nb3 Ra3 42.Nc5 1-0

[Event "XIII Festival A"]
[Site "Porto San Giorgio ITA"]
[Date "2001.08.23"]
[Round "3"]
[White "Efimov, Igor"]
[Black "Piantoni, Roberto"]
[Result "1-0"]
[WhiteElo "2474"]
[BlackElo "2155"]
[PlyCount "71"]
[EventDate "2001.08.21"]

1.Nf3 Nf6 2.c4 c5 3.Nc3 Nc6 4.g3 g6 5.Bg2 Bg7 6.O-O O-O 7.d4 d6 8.d5 Na5 
9.Nd2 a6 10.Rb1 Rb8 11.Qc2 Qc7 12.b3 b5 13.Bb2 e6 14.Nce4 Nxe4 15.Nxe4 
Bxb2 16.Qxb2 e5 17.f4 f5 18.fxe5 dxe5 19.d6 Qg7 20.Nxc5 bxc4 21.Qd2 Qa7 
22.b4 Bb7 23.Bxb7 Nxb7 24.Qd5+ Rf7 25.Qxe5 Rd8 26.Rfd1 Qb6 27.d7 c3 28.
Rbc1 Qxb4 29.Rxc3 Qb6 30.e3 Qb5 31.Qc7 Qe2 32.Rcd3 Nxc5 33.Qxd8+ Kg7 34.
Qh8+ Kxh8 35.d8=Q+ Kg7 36.Qd4+ 1-0

[Event "XIII Festival A"]
[Site "Porto San Giorgio ITA"]
[Date "2001.08.23"]
[Round "3"]
[White "Galiazzo, Giuliano"]
[Black "Ventura, Sergio"]
[Result "0-1"]
[WhiteElo "1921"]
[BlackElo "2192"]
[PlyCount "80"]
[EventDate "2001.08.21"]

1.e4 Nc6 2.d4 d5 3.e5 Bf5 4.Nf3 e6 5.c3 Qd7 6.b3 f6 7.Bb5 O-O-O 8.Be3 Kb8 
9.b4 Bg4 10.Nbd2 Nge7 11.Qb3 Qe8 12.Bd3 Nf5 13.Bf4 g5 14.b5 Na5 15.Qa4 b6 
16.Bg3 Bxf3 17.Nxf3 g4 18.Nd2 Nb7 19.Qc2 Nxg3 20.hxg3 fxe5 21.dxe5 Bg7 22.
f4 gxf3 23.Nxf3 c5 24.a4 Qe7 25.O-O-O Bxe5 26.Kb1 Bxg3 27.Rh3 Qg7 28.Qe2 
e5 29.Rxg3 Qxg3 30.Nxe5 Rde8 31.Nc6+ Ka8 32.Qh5 Re1 33.Bc2 Qxc3 34.Qxd5 
Rhe8 35.Qd7 c4 36.Qxh7 Rxd1+ 37.Bxd1 Qe1 38.Qd7 c3 39.Kc2 Qf2+ 40.Kb3 Nc5+
0-1

[Event "XIII Festival A"]
[Site "Porto San Giorgio ITA"]
[Date "2001.08.23"]
[Round "3"]
[White "Iordachescu, Viorel"]
[Black "Cocchi, Andrea"]
[Result "1/2-1/2"]
[WhiteElo "2562"]
[BlackElo "2270"]
[PlyCount "146"]
[EventDate "2001.08.21"]

1.e4 d5 2.exd5 Qxd5 3.Nc3 Qa5 4.d4 Nf6 5.Nf3 Bg4 6.h3 Bxf3 7.Qxf3 c6 8.Bd2
e6 9.Ne4 Qd8 10.Nxf6+ gxf6 11.c3 Nd7 12.Bf4 Qa5 13.Bc4 Be7 14.O-O Nb6 15.
Bd3 Qd5 16.Be4 Qd7 17.Rfe1 O-O-O 18.Qh5 f5 19.Bf3 Qe8 20.c4 Rxd4 21.Bg5 
Bxg5 22.Qxg5 Qd8 23.Qg7 Rd7 24.Rad1 Qf8 25.Qc3 Rg8 26.a4 Rxd1 27.Rxd1 Na8 
28.Qd4 Kb8 29.Qe5+ Kc8 30.Qd4 Kb8 31.a5 Nc7 32.b4 Qe7 33.Qd7 Qxd7 34.Rxd7 
Rf8 35.b5 cxb5 36.c5 Kc8 37.c6 bxc6 38.Bxc6 Kb8 39.f4 Kc8 40.Kf2 Kb8 41.
Kg3 Kc8 42.Kh4 b4 43.Rd4 Na6 44.Bb5 Kb7 45.Rc4 Rg8 46.Kh5 Nc7 47.Bc6+ Ka6 
48.Rxb4 Nd5 49.Rd4 Nf6+ 50.Kh4 Kxa5 51.Bf3 Kb5 52.g4 fxg4 53.hxg4 h6 54.
Be2+ Kc5 55.Rc4+ Kd6 56.Ra4 Ra8 57.Bf3 Nd5 58.Kh5 a5 59.Kxh6 Ra7 60.f5 Nb6
61.Rd4+ Kc5 62.Rd2 exf5 63.gxf5 a4 64.Bd1 Nc4 65.Ra2 a3 66.Kg7 Kb4 67.f6 
Ne3 68.Bh5 Kb3 69.Bxf7+ Rxf7+ 70.Kxf7 Kxa2 71.Ke6 Kb3 72.f7 a2 73.f8=Q 
a1=Q 1/2-1/2

[Event "XIII Festival A"]
[Site "Porto San Giorgio ITA"]
[Date "2001.08.23"]
[Round "3"]
[White "Isonzo, David"]
[Black "Razuvaev, Yuri S."]
[Result "0-1"]
[WhiteElo "2315"]
[BlackElo "2549"]
[PlyCount "69"]
[EventDate "2001.08.21"]

1.e4 c5 2.Nf3 e6 3.d4 cxd4 4.Nxd4 Nc6 5.Nc3 Qc7 6.Be3 a6 7.Bd3 b5 8.O-O 
Bb7 9.Nxc6 Bxc6 10.Qe2 Nf6 11.a3 Be7 12.f4 d6 13.Rae1 O-O 14.Qf3 g6 15.Kh1
d5 16.exd5 Nxd5 17.Nxd5 Bxd5 18.Qh3 Bf6 19.c3 Bc4 20.Bxc4 Qxc4 21.Rf3 h5 
22.Rg3 Qd5 23.Bd4 Bxd4 24.Rg5 Qd6 25.cxd4 Qxf4 26.Qxh5 Rac8 27.h3 Rc1 28.
Rxc1 Qxc1+ 29.Kh2 Qf4+ 30.g3 Qf2+ 31.Kh1 Rc8 32.Rxg6+ fxg6 33.Qxg6+ Kf8 
34.Qh6+ Ke7 35.Qh4+ 0-1

[Event "XIII Festival A"]
[Site "Porto San Giorgio ITA"]
[Date "2001.08.23"]
[Round "3"]
[White "Laketic, Gojko"]
[Black "Mola, Pietro"]
[Result "1-0"]
[WhiteElo "2444"]
[BlackElo "2261"]
[PlyCount "89"]
[EventDate "2001.08.21"]

1.d4 Nf6 2.Nf3 e6 3.c4 b6 4.g3 Bb7 5.Bg2 c5 6.d5 exd5 7.Ng5 Qc7 8.cxd5 d6 
9.Nc3 h6 10.Nb5 Qd8 11.Qa4 Nbd7 12.Ne4 Qb8 13.Nxf6+ gxf6 14.O-O a6 15.Nc3 
Qc7 16.Qe4+ Be7 17.Bd2 b5 18.a4 b4 19.Nd1 a5 20.Ne3 Nb6 21.Bh3 Kd8 22.Rfd1
Bf8 23.Bc1 Qe7 24.Qf3 Kc7 25.b3 Re8 26.Bb2 Nd7 27.Bxd7 Qxd7 28.Bxf6 Rg8 
29.Nf5 Rxe2 30.Qxe2 Qxf5 31.Be7 Bg7 32.Rac1 Qd7 33.Rc4 f5 34.Qe6 Rb8 35.
Bxd6+ Qxd6 36.Qf7+ Kb6 37.Qxg7 Bxd5 38.Rh4 Rb7 39.Qh8 Re7 40.Rxh6 Re6 41.
Rxe6 Qxe6 42.Qd8+ Kc6 43.Qa8+ Kd6 44.Qa6+ Ke5 45.Qxa5 1-0

[Event "XIII Festival A"]
[Site "Porto San Giorgio ITA"]
[Date "2001.08.23"]
[Round "3"]
[White "Martorelli, Antonio"]
[Black "Citti, Gianluca"]
[Result "1/2-1/2"]
[WhiteElo "2304"]
[BlackElo "2154"]
[PlyCount "91"]
[EventDate "2001.08.21"]

1.e4 e5 2.Nf3 Nc6 3.Bb5 Qf6 4.O-O a6 5.Bxc6 dxc6 6.d4 exd4 7.Qxd4 Qxd4 8.
Nxd4 f6 9.Nd2 c5 10.Ne2 Be6 11.Nb3 Bc4 12.Re1 O-O-O 13.Be3 b6 14.Nd2 Bf7 
15.Red1 Bd6 16.a4 a5 17.Bf4 Ne7 18.h3 Ng6 19.Bxd6 Rxd6 20.Nf3 Rxd1+ 21.
Rxd1 Rd8 22.Rxd8+ Kxd8 23.Nd2 Ne5 24.f4 Nc4 25.Nxc4 Bxc4 26.Nc3 c6 27.Kf2 
Ke7 28.g4 h5 29.Nd1 hxg4 30.hxg4 g6 31.Ne3 Bf7 32.c4 Be8 33.Kg3 b5 34.b3 
bxa4 35.bxa4 g5 36.Nf5+ Kf8 37.Nd6 Bg6 38.Kf3 Ke7 39.Nf5+ Kd7 40.Ke3 Bf7 
41.Kd3 gxf4 42.Nh6 Bg6 43.Nf5 Bf7 44.Nh4 Be6 45.Nf5 Bf7 46.Ng7 1/2-1/2

[Event "XIII Festival A"]
[Site "Porto San Giorgio ITA"]
[Date "2001.08.23"]
[Round "3"]
[White "Mrdja, Milan"]
[Black "Zaja, Ivan"]
[Result "1/2-1/2"]
[WhiteElo "2399"]
[BlackElo "2488"]
[PlyCount "21"]
[EventDate "2001.08.21"]

1.Nf3 d5 2.g3 Bg4 3.Bg2 Nd7 4.O-O e6 5.d3 Ngf6 6.Nbd2 Be7 7.b3 O-O 8.Bb2 
a5 9.a3 c6 10.e4 a4 11.h3 1/2-1/2

[Event "XIII Festival A"]
[Site "Porto San Giorgio ITA"]
[Date "2001.08.23"]
[Round "3"]
[White "Rausis, Igors"]
[Black "Marzano, Carlo"]
[Result "1-0"]
[WhiteElo "2463"]
[BlackElo "2253"]
[PlyCount "76"]
[EventDate "2001.08.21"]

1.Nf3 d5 2.d4 Nf6 3.c4 c6 4.Qc2 e6 5.g3 Bd6 6.Bg2 O-O 7.O-O Nbd7 8.Rd1 Qe7
9.Nh4 Re8 10.Nd2 g6 11.Nhf3 e5 12.cxd5 cxd5 13.dxe5 Nxe5 14.Nd4 Bd7 15.Qb3
Nc6 16.N2f3 Na5 17.Qc3 Nc4 18.Qb3 Na5 19.Qd3 Ne4 20.b3 Rad8 21.Rb1 Nc6 22.
Nxc6 bxc6 23.Bb2 Bc5 24.Nd4 f6 25.Rbc1 Kg7 26.Rc2 Bb6 27.e3 Qd6 28.Rdc1 
Rc8 29.a3 h5 30.b4 h4 31.b5 c5 32.Nf3 hxg3 33.hxg3 c4 34.Qe2 Bxb5 35.Nd4 
Ba4 36.Qg4 Kf7 37.Re2 c3 38.Bxe4 dxe4 1-0

[Event "XIII Festival A"]
[Site "Porto San Giorgio ITA"]
[Date "2001.08.23"]
[Round "3"]
[White "Rotstein, Arkadij"]
[Black "Coratella, Giuseppe"]
[Result "0-1"]
[WhiteElo "2499"]
[BlackElo "2163"]
[PlyCount "78"]
[EventDate "2001.08.21"]

1.e4 e6 2.d3 d5 3.Qe2 Ne7 4.Nf3 c5 5.g3 Nbc6 6.Bg2 d4 7.O-O g6 8.e5 Bg7 9.
Nbd2 Qc7 10.Nc4 O-O 11.a4 Bd7 12.Re1 Nd5 13.h4 Rab8 14.h5 b6 15.hxg6 fxg6 
16.Bh3 Kh8 17.Ng5 Rbe8 18.Qe4 h6 19.Nf3 Kh7 20.Bg4 Nce7 21.Nd6 Rd8 22.Nh4 
Nf5 23.Nxg6 Kxg6 24.Bxf5+ exf5 25.Qxd5 Bc6 26.Qe6+ Kh7 27.Bf4 Ba8 28.Rf1 
Qc6 29.f3 Rde8 30.Qc4 Rxe5 31.Bxe5 Bxe5 32.Ne4 Qg6 33.Kf2 fxe4 34.dxe4 
Qxe4 35.Ra3 Rxf3+ 36.Rxf3 Qxf3+ 37.Ke1 Bxg3+ 38.Kd2 Qe3+ 39.Kd1 Bf3+ 0-1

[Event "XIII Festival A"]
[Site "Porto San Giorgio ITA"]
[Date "2001.08.23"]
[Round "3"]
[White "Scalcione, Michelangelo"]
[Black "Corti, Corrado"]
[Result "1-0"]
[WhiteElo "2249"]
[BlackElo "2034"]
[PlyCount "59"]
[EventDate "2001.08.21"]

1.Nf3 d5 2.d4 Nf6 3.c4 e6 4.Nc3 c6 5.Bg5 Be7 6.e3 Nbd7 7.Qc2 h6 8.Bf4 Qa5 
9.Nd2 Bb4 10.Bd3 O-O 11.O-O Nh5 12.c5 Nxf4 13.exf4 Qd8 14.Nf3 Bxc3 15.Qxc3
Qf6 16.g3 Re8 17.b4 a6 18.a4 Nb8 19.b5 axb5 20.axb5 Rxa1 21.Rxa1 cxb5 22.
Ne5 Qd8 23.Bxb5 Bd7 24.Nxd7 Nxd7 25.Ra7 Qc7 26.Qa5 Qc8 27.Qa4 Rd8 28.Bxd7 
Qxd7 29.Qxd7 Rxd7 30.c6 1-0

[Event "XIII Festival A"]
[Site "Porto San Giorgio ITA"]
[Date "2001.08.23"]
[Round "3"]
[White "Sciortino, Massimo"]
[Black "Bondielli, Giorgio"]
[Result "1/2-1/2"]
[WhiteElo "2203"]
[BlackElo "2012"]
[PlyCount "105"]
[EventDate "2001.08.21"]

1.e4 e5 2.Nf3 Nf6 3.Nxe5 d6 4.Nf3 Nxe4 5.Nc3 Nxc3 6.dxc3 Nc6 7.Be3 Be7 8.
Qd2 Be6 9.O-O-O Qd7 10.Nd4 Nxd4 11.Bxd4 Qa4 12.a3 Bf5 13.Re1 Kd7 14.Rxe7+ 
Kxe7 15.Bxg7 Kd7 16.Bxh8 Rxh8 17.Bd3 Qg4 18.f3 Qg6 19.Re1 Re8 20.Rxe8 Kxe8
21.Qe3+ Kd7 22.g4 Bxd3 23.cxd3 Qf6 24.g5 Qf5 25.h4 Qh3 26.Qe4 Qf1+ 27.Kc2 
c6 28.Qf5+ Ke7 29.Qe4+ Kd7 30.Kb3 a5 31.Qf5+ Ke7 32.Qf6+ Ke8 33.Qxd6 Qd1+ 
34.Ka2 Qxf3 35.Qe5+ Kd7 36.Qe4 Qxe4 37.dxe4 Kd6 38.Kb3 Ke5 39.Kc4 Kxe4 40.
Kc5 Kf4 41.b4 axb4 42.cxb4 Kg4 43.Kb6 Kxh4 44.Kxb7 Kxg5 45.a4 h5 46.a5 h4 
47.a6 h3 48.a7 h2 49.a8=Q h1=Q 50.Qd8+ f6 51.Qg8+ Kf4 52.Qc4+ Qe4 53.Qxe4+
1/2-1/2